Real Madrid players (2010-2020) - Statistics

General Stats
  • This quiz has been taken 69 times
  • The average score is 68 of 134
Answer Stats
Rank Player Positions Nationality Matches Goals (assists) Period % Correct
4 Cristiano Ronaldo ST 263 285 (86) 2010-2018
100%
11 Gareth Bale RW 171 80 (46) 2013-2020
98%
1 Karim Benzema ST 322 161 (81) 2010-2020
97%
5 Luka Modrić CM 231 15 (40) 2012-2020
97%
3 Marcelo LB 266 18 (52) 2010-2020
97%
10 Pepe CB 174 12 (12) 2010-2017
97%
2 Sergio Ramos CB 290 48 (16) 2010-2020
97%
8 Toni Kroos CM 187 15 (47) 2014-2020
97%
17 Ángel Di María RW 124 22 (61) 2010-2014
95%
7 Raphaël Varane CB 205 6 (5) 2011-2020
95%
12 Casemiro DM 155 17 (11) 2012-2014, 2015-2020
93%
32 Casemiro DM 15 1 (0) 2012-2013
93%
9 Daniel Carvajal RB 186 4 (25) 2013-2020
93%
20 Keylor Navas GK 104 0 (0) 2014-2019
93%
44 Kiko Casilla GK 25 0 (0) 2015-2018
93%
19 Mesut Özil AM 105 19 (53) 2010-2014
93%
6 Isco AM 207 36 (42) 2013-2020
92%
28 Thibaut Courtois GK 61 0 (0) 2018-2020
92%
23 James Rodríguez AM 85 29 (28) 2014-2017, 2019-2020
90%
21 Sami Khedira CM 102 6 (6) 2010-2015
90%
24 Gonzalo Higuaín ST 80 48 (20) 2010-2013
88%
18 Xabi Alonso DM 124 1 (20) 2010-2014
86%
15 Iker Casillas GK 125 0 (0) 2010-2015
85%
22 Marco Asensio AM 94 13 (16) 2016-2020
85%
31 Fábio Coentrão LB 58 1 (6) 2011-2015, 2016-2017
83%
60 Achraf Hakimi RB 9 2 (0) 2017-2018
81%
16 Álvaro Arbeloa RB 124 1 (11) 2010-2016
80%
29 Kaká AM 60 15 (19) 2010-2013
80%
42 Mariano Díaz ST 26 5 (1) 2016-2017, 2018-2020
80%
46 Mariano Díaz ST 1 0 (0) 2013-2014
80%
25 Mateo Kovacic CM 73 1 (7) 2015-2018
80%
53 Brahim Díaz RW 15 1 (2) 2018-2020
78%
81 José Rodríguez CM 1 0 (0) 2012-2013
78%
4 José Rodríguez CM 61 4 (5) 2012-2014
78%
38 Lassana Diarra DM 45 0 (1) 2010-2013
78%
69 Mahamadou Diarra DM 3 0 (0) 2010-2011
78%
14 Nacho Fernández CB 134 7 (5) 2010-2011, 2012-2020
78%
26 Nacho Fernández CB 19 0 (0) 2012-2013
78%
37 Vinicius Junior LW 47 5 (1) 2018-2020
78%
52 Eden Hazard LW 16 1 (6) 2019-2020
76%
35 Federico Valverde CM 49 2 (5) 2018-2020
76%
13 Lucas Vázquez RB 140 13 (30) 2015-2020
76%
3 Lucas Vázquez RB 66 11 (12) 2012-2014
76%
49 Rodrygo RW 19 2 (0) 2019-2020
76%
45 Chicharito ST 23 7 (7) 2014-2015
75%
33 Diego López GK 52 0 (0) 2012-2014
75%
43 Ferland Mendy LB 25 1 (2) 2019-2020
75%
47 Michael Essien DM 21 2 (0) 2012-2013
75%
57 Theo Hernández LB 13 0 (1) 2017-2018
75%
54 Éder Militão CB 15 0 (0) 2019-2020
73%
55 Emmanuel Adebayor ST 14 5 (0) 2010-2011
73%
34 Ricardo Carvalho CB 50 3 (2) 2010-2013
73%
51 Luka Jović ST 17 2 (1) 2019-2020
71%
26 Álvaro Morata ST 63 25 (6) 2010-2014, 2016-2017
69%
28 Álvaro Morata ST 18 12 (5) 2012-2013
69%
27 Jesé LW 63 13 (12) 2011-2012, 2013-2016
69%
10 Jesé LW 38 22 (12) 2012-2013
69%
36 Raúl Albiol CB 48 1 (0) 2010-2013
66%
75 Álex Fernández CM 1 0 (0) 2010-2011
59%
16 Álex Fernández CM 32 3 (4) 2012-2013
59%
71 Denis Cheryshev LW 2 0 (1) 2015-2016
59%
13 Denis Cheryshev LW 34 11 (8) 2012-2013
59%
73 Jesús Fernández GK 2 0 (0) 2010-2011, 2012-2013
59%
33 Jesús Fernández GK 14 0 (0) 2012-2013
59%
84 Martin Ødegaard AM 1 0 (0) 2014-2015
59%
66 Alphonse Areola GK 4 0 (0) 2019-2020
58%
30 Asier Illarramendi DM 59 2 (1) 2013-2015
56%
65 Hamit Altıntop RM 5 1 (0) 2011-2012
56%
80 Jerzy Dudek GK 1 0 (0) 2010-2011
54%
41 Dani Ceballos CM 35 5 (0) 2017-2019
53%
68 Nuri Şahin DM 4 0 (0) 2011-2012
53%
87 Willian José ST 1 0 (0) 2013-2014
53%
31 Willian José ST 16 4 (0) 2013-2014
53%
50 Álvaro Odriozola RB 18 0 (5) 2018-2020
49%
39 Danilo CB 41 3 (7) 2015-2017
47%
72 Diego Llorente CB 2 0 (0) 2012-2014
47%
17 Diego Llorente CB 32 1 (0) 2012-2014
47%
67 Fernando Gago DM 4 0 (0) 2010-2011
47%
32 José Callejón RW 55 8 (5) 2011-2013
47%
61 Lucas Silva DM 8 0 (0) 2014-2015
47%
46 Marcos Llorente RM 22 0 (0) 2015-2016, 2017-2019
47%
58 Jesús Vallejo CB 12 1 (0) 2017-2019
46%
74 Luca Zidane GK 2 0 (0) 2017-2019
46%
40 Esteban Granero CM 36 1 (5) 2010-2012
42%
82 Joselu ST 1 1 (0) 2010-2011
42%
1 Borja García AM 66 11 (7) 2012-2014
39%
56 Sergio Reguilón LB 14 0 (2) 2018-2019
39%
48 Borja Mayoral ST 20 3 (2) 2015-2016, 2017-2018
32%
64 Ezequiel Garay CB 5 0 (0) 2010-2011
32%
59 Sergio Canales AM 10 0 (1) 2010-2011
32%
62 Antonio Adán GK 7 0 (0) 2010-2013
29%
63 Pedro León RW 6 0 (0) 2010-2011
29%
78 Fabinho DM 1 0 (1) 2012-2013
27%
20 Fabinho DM 30 2 (1) 2012-2013
27%
45 José León CB 1 0 (0) 2013-2014
25%
79 Javi Sánchez CB 1 0 (0) 2018-2019
24%
7 Fernando Pacheco GK 41 0 (0) 2012-2014
22%
22 Iván González CB 29 1 (0) 2012-2013
22%
85 Omar Mascarell DM 1 0 (0) 2012-2013
15%
5 Omar Mascarell DM 52 6 (4) 2012-2014
15%
70 Álvaro Medrán CM 2 0 (0) 2014-2015
12%
36 Álvaro Medrán CM 9 2 (1) 2013-2014
12%
34 Cristian Gómez CM 11 0 (1) 2013-2014
10%
43 José Ríos Reina LB 2 0 (0) 2012-2013
10%
6 Juanfran Moreno RB 42 4 (12) 2012-2013
10%
76 Álvaro Tejero RB 1 0 (0) 2016-2017
8%
41 Rubén Yáñez GK 4 0 (0) 2013-2014
8%
2 Jorge Casado CB 66 2 (4) 2012-2014
5%
86 Tomás Mejías GK 1 0 (0) 2010-2011
5%
23 Tomás Mejías GK 26 0 (0) 2012-2013
5%
12 Burgui LW 37 5 (4) 2012-2014
3%
77 Cristo CF 1 0 (0) 2018-2019
3%
83 Juankar LB 1 0 (0) 2010-2011
3%
38 Kiko Femenía RB 5 0 (0) 2013-2014
3%
11 Pedro Mosquera CM 38 3 (2) 2012-2013
3%
14 Raúl de Tomás ST 34 7 (2) 2012-2014
3%
44 Andrés Prieto GK 1 0 (0) 2012-2013
2%
35 Antonio Rozzi ST 10 0 (0) 2013-2014
2%
37 Cristian Benavente AM 8 0 (0) 2013-2014
2%
19 David Mateos CB 31 1 (0) 2012-2013
2%
21 Derik Osede CB 29 1 (0) 2012-2014
2%
18 Jaime Romero RW 32 3 (3) 2013-2014
2%
30 Javi Noblejas LB 17 0 (2) 2013-2014
2%
25 Jorge Pulido CB 19 0 (1) 2013-2014
2%
42 Jota Peleteiro RW 3 0 (0) 2012-2013
2%
39 Juanjo Narváez ST 4 0 (0) 2013-2014
2%
15 Leandro Cabrera CB 33 0 (0) 2013-2014
2%
29 Lucas Torró DM 18 0 (1) 2013-2014
2%
8 Óscar Plano CF 40 4 (2) 2012-2014
2%
40 Pablo ST 4 0 (0) 2013-2014
2%
9 Quini RB 40 1 (2) 2012-2014
2%
47 Rubén Belima RW 1 0 (0) 2013-2014
2%
27 Rubén Sobrino ST 19 0 (0) 2012-2014
2%
24 Sergio Aguza CM 23 2 (3) 2013-2014
2%
No matching quizzes found
Score Distribution
Percent of People with Each Score
Percentile by Number Answered
Your Score History
You have not taken this quiz